| 000 | 01122nam a2200301Ia 4500 | ||
|---|---|---|---|
| 003 | GCL | ||
| 008 | 140319s9999 xx 000 0 ara d | ||
| 020 | _a8070829953 | ||
| 040 |
_aGCL / _cGCL |
||
| 082 | 0 | 4 |
_a305.242 _bع ش |
| 100 | 1 | _aمحمود شمال حسن | |
| 245 | 1 | 0 |
_aالشباب العربى ورؤى المستقبل / _cمحمود شمال حسن |
| 700 | 1 | _aعزة شرارة بيضون | |
| 700 | 1 | _aعقيل نورى محمد | |
| 250 | _aالاولى | ||
| 260 |
_aبيروت : _bمركز دراسات الوحدة العربية ، _c2006 |
||
| 300 |
_a168 ص ؛ _c24 سم |
||
| 490 |
_aسلسلة كتب المستقبل العربى _v48 |
||
| 650 | 0 | 4 | _aالشباب |
| 650 | 0 | 4 | _aالوعى الاجتماعى |
| 650 | 0 | 4 | _aالشباب - النشاط السياسى |
| 650 | 0 | 4 | _aالشباب العربى |
| 650 | 0 | 4 | _aالوعى القومى |
| 650 | 0 | 4 | _aالشباب - المشاكل اجتماعية |
| 650 | 0 | 4 | _aالنزاع العربى الاسرائيلى - دور الشباب |
| 650 | 0 | 4 | _aطلبة الجامعات - النشاط السياسى |
| 942 |
_2ddc _cBK |
||
| 999 |
_c8934 _d8934 |
||